| 000 | 00000nam 2200000zi 4500 |
| 001 | 9.926490 |
| 003 | CaOODSP |
| 005 | 20241120140352 |
| 006 | m o d f |
| 007 | cr mn||||||||| |
| 008 | 230823t20242024quca o f000 0 eng d |
| 020 | |a9780660676098 |q(PDF) |
| 020 | |a9780660676104 |q(paper) |
| 040 | |aCaOODSP|beng|erda|cCaOODSP |
| 043 | |an-cn-yk |
| 086 | 1 |aR64-105/94-2024E-PDF |
| 086 | 1 |aR64-105/94-2024E |
| 245 | 00|aKluane National Park and Reserve of Canada management plan. |
| 246 | 14|aKluane National Park and Reserve of Canada, a UNESCO world heritage site, management plan, 2024 |
| 246 | 17|aKluane National Park and Reserve management plan |
| 246 | 3 |aKluane National Park and Reserve of Canada management plan, 2024 |
| 264 | 1|a[Gatineau, Quebec] : |bParks Canada = Parcs Canada, |c2024. |
| 264 | 4|c©2024 |
| 300 | |a1 online resource (x, 22 pages) : |bcolour illustrations, colour maps |
| 336 | |atext|btxt|2rdacontent |
| 337 | |acomputer|bc|2rdamedia |
| 338 | |aonline resource|bcr|2rdacarrier |
| 500 | |aIssued also in French under title: Parc national et réserve de parc national du Canada Kluane : plan directeur. |
| 651 | 0|aKluane National Park and Reserve (Yukon)|xManagement. |
| 710 | 2 |aParks Canada, |eissuing body. |
| 775 | 08|tParc national et réserve de parc national du Canada Kluane : |w(CaOODSP)9.926493 |
| 776 | 0#|tKluane National Park and Reserve of Canada management plan.|w(CaOODSP)9.926491 |
| 856 | 40|qPDF|s2.39 MB|uhttps://publications.gc.ca/collections/collection_2024/pc/R64-105-94-2024-eng.pdf |
| 856 | 4 |qHTML|sN/A|uhttps://parks.canada.ca/pn-np/yt/kluane/gestion-management/plan-2024 |